Statistics for Top 10 Saint-Etienne Starting XI

Click here to take the quiz!

General Stats

  • This quiz has been taken 205 times
  • The average score is 16 of 68

Answer Stats

TeamPlayer% Correct
2011-12, 2012-13Pierre-Emerick Aubameyang
87%
2011-12, 2012-13, 2013-14, 2014-15, 2015-16, 2017-18, 2018-19Stéphane Ruffier
87%
2018-19Wahbi Khazri
72%
2007-08, 2012-13, 2013-14, 2014-15, 2015-16, 2017-18, 2018-19Loïc Perrin
67%
2013-14, 2014-15Mevlüt Erdinç
59%
2012-13, 2013-14, 2014-15, 2017-18, 2018-19Romain Hamouma
57%
2018-19Mathieu Debuchy
48%
2011-12, 2014-15Max Gradel
48%
2017-18, 2018-19Neven Subotić
48%
2012-13Brandão
45%
2007-08, 2012-13, 2013-14, 2014-15, 2015-16Moustapha Bayal Sall
45%
2017-18, 2018-19Ole Selnæs
44%
2011-12Faouzi Ghoulam
38%
2007-08Jérémie Janot
38%
2007-08Blaise Matuidi
37%
2007-08Dimitri Payet
37%
2011-12, 2012-13, 2013-14, 2014-15, 2015-16Fabien Lemoine
36%
2007-08Bafétimbi Gomis
35%
2011-12, 2013-14, 2014-15, 2015-16Jérémy Clément
34%
2015-16, 2017-18Kévin Monnet-Paquet
34%
2017-18, 2018-19Rémy Cabella
34%
2017-18, 2018-19Yann M'Vila
32%
2012-13, 2013-14François Clerc
30%
2012-13, 2013-14Renaud Cohade
26%
2015-16Benoît Assou-Ekotto
25%
2017-18Gabriel Silva
25%
2015-16Nolan Roux
24%
2011-12, 2012-13Josuha Guilavogui
23%
2013-14, 2014-15Franck Tabanou
22%
2014-15, 2015-16, 2017-18Kévin Théophile-Catherine
22%
2018-19Lois Diony
20%
2011-12Bakary Sako
19%
2007-08Pascal Feindouno
19%
2015-16Vincent Pajot
19%
2013-14, 2014-15Benjamin Corgnet
18%
2012-13Jonathan Brison
18%
2007-08Stathis Tavlaridis
18%
2017-18Jonathan Bamba
17%
2007-08Mouhamadou Dabo
16%
2011-12Jean-Pascal Mignot
14%
2007-08Christophe Landrin
13%
2018-19Timothée Kolodziejczak
13%
1999-00Aloísio
12%
1999-00Julien Sablé
12%
2011-12Albin Ebondo
10%
2015-16Valentin Eysseric
10%
1999-00Pape Sarr
8%
1999-00Alex Dias
7%
1992-93Étienne Mendy
7%
1999-00Jérôme Alonzo
7%
2007-08Cédric Varrault
5%
1992-93Joseph Bell
5%
1992-93Lubomir Moravčík
5%
2011-12Sylvain Marchal
5%
1999-00Bjørn Tore Kvarme
3%
1999-00Lionel Potillon
3%
1992-93Gérald Passi
2%
1999-00Jean-Guy Wallemme
2%
1999-00Lucien Mettomo
2%
1999-00Stéphane Pédron
2%
1999-00Tchiressoua Guel
2%
1992-93Christophe Deguerville
1%
1992-93Jean-Pierre Cyprien
1%
1992-93Loïc Lambert
1%
1992-93Pascal Despeyroux
1%
1992-93Philippe Cuervo
1%
1992-93Sylvain Kastendeuch
1%
1992-93Thierry Gros
1%

Score Distribution

Percentile by Number Answered

Percent of People with Each Score

Your Score History

You have not taken this quiz